| 000 | 00344nam a22001457a 4500 | ||
|---|---|---|---|
| 003 | SGT | ||
| 020 | _a0195620984 | ||
| 082 |
_a320.954 _bD89F |
||
| 100 | _aFRANKEL, FRANCINE R. | ||
| 245 | _aDOMINANCE AND STATE POWER IN MODERN INDIA | ||
| 260 |
_bOXFORD UNIVERSITY PRESS _c1989 |
||
| 300 | _a443 | ||
| 650 | _aSOCIAL SCIENCE | ||
| 942 |
_2ddc _cBK |
||
| 999 |
_c28059 _d28059 |
||